| 000 | 00813nam a22002777a 4500 | ||
|---|---|---|---|
| 003 | CHAP | ||
| 005 | 20220329140851.0 | ||
| 008 | 971013s1995 r 00010 d | ||
| 010 | _a58943 | ||
| 011 | _a59915 | ||
| 035 | _a64075 | ||
| 040 | _cCHAP | ||
| 082 |
_a634.3 _bA5 |
||
| 100 | 0 | 0 |
_aAmoros Castaner, Manuel. _95429 |
| 245 | _aProducción de agrios | ||
| 260 |
_aMadrid : _bMundi-Prensa, _c1995 |
||
| 300 |
_a286 p. _b: ilus. |
||
| 590 |
_aBATCH-UPD _b10 _c20130110 _lUCH01 _h1805 |
||
| 590 |
_aBATCH-UPD _b10 _c20130410 _lUCH01 _h1140 |
||
| 590 |
_aBATCH-UPD _b10 _c20130914 _lUCH01 _h0959 |
||
| 590 |
_aCONVERSION _b10 _c20130109 _lUCH01 _h1332 |
||
| 650 | 1 | 4 |
_aCítricos. _924392 |
| 901 | _aBK | ||
| 942 | _cLIBRO | ||
| 949 |
_a634.3 A5 _bBC _cLIBRO _d33724000912135 _eLIBRO _gI. 181139 _h90090 _i64075 _si _t280.00 |
||
| 999 |
_c58943 _d58943 |
||